Historic Environment (Amendment) (Scotland) Bill (Record no. 110680)
[ view plain ]
| 000 -LEADER | |
|---|---|
| fixed length control field | 01153cad a22002295a 4500 |
| 001 - CONTROL NUMBER | |
| control field | E149939 |
| 008 - FIXED-LENGTH DATA ELEMENTS--GENERAL INFORMATION | |
| fixed length control field | 100518s2010 xxk f s000 0 eng d |
| 020 ## - INTERNATIONAL STANDARD BOOK NUMBER | |
| International Standard Book Number | 9781406163704 |
| 035 ## - SYSTEM CONTROL NUMBER | |
| System control number | (Sirsi) u149939 |
| 041 0# - LANGUAGE CODE | |
| Language code of text/sound track or separate title | eng |
| 110 2# - MAIN ENTRY--CORPORATE NAME | |
| Corporate name or jurisdiction name as entry element | Scotland |
| Subordinate unit | Scottish Government |
| 9 (RLIN) | 5344 |
| 245 00 - TITLE STATEMENT | |
| Title | Historic Environment (Amendment) (Scotland) Bill |
| Remainder of title | (as introduced) |
| Medium | [electronic resource] |
| 260 ## - PUBLICATION, DISTRIBUTION, ETC. | |
| Place of publication, distribution, etc. | [Edinburgh] |
| Name of publisher, distributor, etc. | Scottish Parliamentary Corporate Body |
| Date of publication, distribution, etc. | 2010 |
| 490 #0 - SERIES STATEMENT | |
| Series statement | SP Bill |
| Volume/sequential designation | (43) |
| 520 ## - SUMMARY, ETC. | |
| Summary, etc. | A Bill introduced on 4 May 2010, which harmonises elements of the Ancient Monuments and Archaeological Areas Act 1979 and the Planning (Listed Buildings and Conservation Areas) (Scotland) Act 1997 and aligns aspects of the historic environment legislation with the planning regime. |
| 590 ## - LOCAL NOTE (RLIN) | |
| Local note | KA |
| 650 24 - SUBJECT ADDED ENTRY--TOPICAL TERM | |
| Topical term or geographic name entry element | HISTORIC ENVIRONMENT (AMENDMENT) (SCOTLAND) BILL 2010 |
| 651 #4 - SUBJECT ADDED ENTRY--GEOGRAPHIC NAME | |
| Geographic name | Scotland |
| Chronological subdivision | 1999- |
| 690 ## - LOCAL SUBJECT ADDED ENTRY--TOPICAL TERM (OCLC, RLIN) | |
| Topical term or geographic name as entry element | BUILT ENVIRONMENT-BUILDING TYPES-ANCIENT MONUMENTS AND HISTORIC BUILDINGS |
| 856 40 - ELECTRONIC LOCATION AND ACCESS | |
| Uniform Resource Identifier | <a href="https://www.scottish.parliament.uk/s3/bills/43-HistoricEnvironment/index.htm">https://www.scottish.parliament.uk/s3/bills/43-HistoricEnvironment/index.htm</a> |
| Public note | View the Bill free of charge at www.scottish.parliament.uk |
| 942 ## - ADDED ENTRY ELEMENTS (KOHA) | |
| Suppress in OPAC | 0 |
| Withdrawn status | Lost status | Source of classification or shelving scheme | Damaged status | Not for loan | Home library | Current library | Shelving location | Date acquired | Total Checkouts | Full call number | Barcode | Date last seen | Copy number | Price effective from | Koha item type |
|---|---|---|---|---|---|---|---|---|---|---|---|---|---|---|---|
| Dewey Decimal Classification | Virtual | Virtual | Online | 18/05/2010 | ONLINE PUBLICATION | 149939-2001 | 06/08/2019 | 1 | 06/08/2019 | Book |